Asya'da güvenlik sorunları ve yansımaları (Record no. 7636)

MARC details
000 -BAŞLIK
Sabit Uzunlukta Kontrol Alanı 00876na a2200301 4500
001 - KONTROL NUMARASI
Denetim Alanı 23471
003 - KONTROL NUMARASI IDENTIFIER
Denetim Alanı MIRAKIL
005 - SON İŞLEM TARİHİ VE ZAMANI
Denetim Alanı 20181213155145.0
008 - SABİT-BOY VERİ ELEMANLARI - GENEL BİLGİLER
Sabit Uzunlukta Kontrol Alanı 171005b tu 000 0
020 ## - ULUSLARARASI STANDART KİTAP NUMARASI
Uluslararası Standart Kitap Numarası 9786058609723
040 ## - KATALOGLAMA KAYNAK
Orijinal Kataloglama Ajansı Milas
Kataloglama Dili tur
Metne Dönüştürmek Ajansı TR-AnCHP
041 ## - DİL KODU
Metin / Ses Parça Veya Ayrı Başlığın Dil Kodu tur
100 ## - ANA GİRİŞ - KİŞİSEL İSİM
Kişisel Ad Körpe, Özgür
245 ## - BAŞLIK TABLOSU
Başlık Asya'da güvenlik sorunları ve yansımaları
Sorumluluk Tablosu, Vb Özgür Körpe, Uğur Yasin Asal, ...[ve öte], editör R. Kutay Karaca
260 ## - YAYIN, DAĞITIM, VB
Yayın, Dağıtım, Vb Yeri İstanbul
Yayıncı, Dağıtıcı, Vs Adı BİLGESAM Yayınları
Yayın, Dağıtım, Vb Tarihi 2013
300 ## - FİZİKSEL TANIM
Kapsam 224 s.
Diğer Fiziksel Ayrıntıları grf.
Boyutlar 21 sm.
500 ## - GENEL NOT
Genel Not GEÇİCİ KATALOG KAYDIDIR.
700 ## - KATMA GİRİŞ - KİŞİSEL İSİM
Kişisel Ad Karaca, R. Kutay
Relator Terim ed.
700 ## - KATMA GİRİŞ - KİŞİSEL İSİM
Kişisel Ad Yavaş, Ahmet
700 ## - KATMA GİRİŞ - KİŞİSEL İSİM
Kişisel Ad Yiğitel, Ayla
700 ## - KATMA GİRİŞ - KİŞİSEL İSİM
Kişisel Ad Özel, Cansın
700 ## - KATMA GİRİŞ - KİŞİSEL İSİM
Kişisel Ad Türk, Bengü
700 ## - KATMA GİRİŞ - KİŞİSEL İSİM
Kişisel Ad Oruç, Tarık Çağrı
700 ## - KATMA GİRİŞ - KİŞİSEL İSİM
Kişisel Ad Asal, Uğur Yasin
700 ## - KATMA GİRİŞ - KİŞİSEL İSİM
Kişisel Ad Körpe, Özgür
942 ## - EKLENDİ GİRİŞ ELEMANLARI (KOHA)
Sınıflandırma Veya Raf Düzeni Kaynak
Koha Öğesi Türü Books
999 ## - SİSTEM KONTROL NUMARALARI (KOHA)
Koha Biblionumber 7636
Koha Biblioitemnumber 7636
Holdings
Kalıcı Konum Mevcut Konum Edinme Tarihi Edinim Kaynak Toplam Check-Out'Lar Barkod Tarih Son Görülme İtibaren Geçerli Fiyatlar Koha Öğesi Türü
CHP Kütüphanesi CHP Kütüphanesi 10/05/2017 Bağış   017455 10/05/2017 10/05/2017 Books